000 01192cam a22003374a 4500
001 129022
003 BJBSDDR
005 20250730120024.0
008 040331s2004 njua b 001 0aeng
020 _a9780470192733
040 _aDLC
_cDLC
_dDLC
042 _aeng
050 1 4 _aHG 4621
_bD435m 2004
082 0 0 _a332.6
100 1 _aDerman, Emanuel.
_d1945-
_943822
245 1 0 _aMy life as a quant :
_breflections on physics and finance /
_cEmanuel Derman.
260 _aHoboken, N.J. :
_bWiley,
_cc2004.
300 _axi, 292 p. :
_bill. ;
_c24 cm.
504 _aIncludes bibliographical references and index.
610 1 0 _aDerman, Emanuel.
650 0 _aInvestment advisors
_vBiography.
650 0 _aPhysicists
_vBiography.
650 0 _aOptions (Finance)
650 0 _aQuantum theory.
650 0 _aMathematical physics.
856 4 2 _3Publisher description
_uhttp://www.loc.gov/catdir/description/wiley042/2004007664.html
856 4 1 _3Table of contents only
_uhttp://www.loc.gov/catdir/toc/ecip0416/2004007664.html
856 4 2 _3Contributor biographical information
_uhttp://www.loc.gov/catdir/enhancements/fy0616/2004007664-b.html
942 _2lcc
_cBK
946 _ilmm
999 _c46597
_d46597